[Event "IECG CM.2003.0.00222 email"]
[Site "IECG email"]
[Date "2003.05.20"]
[Round "?"]
[White "Borelli, Carlo"]
[Black "Esquivel Golcher, Luis"]
[Result "1/2-1/2"]
[WhiteElo "2217"]
[BlackElo "2300"]
[PlyCount "46"]
[EventDate "2003.05.20"]
[EventType "tourn (corr)"]
[EventRounds "5"]
[SourceTitle "Corr 2008"]
[Source "ChessBase"]
[SourceDate "2008.06.24"]
[SourceVersion "1"]
[SourceVersionDate "2008.06.24"]
[SourceQuality "1"]

1. e4 c5 2. Nf3 d6 3. d4 cxd4 4. Nxd4 Nf6 5. Nc3 a6 6. Be2 e5 7. Nb3 Be7 8. 0-0 Be6 9. Qd3 0-0 10. f4 b5 11. Nd5 Nbd7 12. a4 Bxd5 13. exd5 e4 14. Qd2 Qb6+ 15. Kh1 Nc5 16. Nd4 bxa4 17. Nf5 Rfe8 18. Qc3 Qb7 19. Qg3 Bf8 20. Rd1 g6 21. Ne3 Bh6 22. f5 Rad8 23. Ra2 Rd7 1/2-1/2

[Event "IECG CM.2003.0.00222 email"]
[Site "IECG email"]
[Date "2003.05.20"]
[Round "?"]
[White "Borelli, Carlo"]
[Black "Sacerdotali, Sergio"]
[Result "1-0"]
[WhiteElo "2217"]
[BlackElo "2272"]
[PlyCount "119"]
[EventDate "2003.05.20"]
[EventType "tourn (corr)"]
[EventRounds "5"]
[SourceTitle "Corr 2008"]
[Source "ChessBase"]
[SourceDate "2008.06.24"]
[SourceVersion "1"]
[SourceVersionDate "2008.06.24"]
[SourceQuality "1"]

1. e4 e5 2. Nf3 Nc6 3. Bc4 Bc5 4. d3 d6 5. c3 Bb6 6. 0-0 Nf6 7. a4 0-0 8. b4 a5 9. b5 Ne7 10. Bg5 Ng6 11. Nh4 Nf4 12. Nd2 h6 13. Bxf4 exf4 14. Nhf3 d5 15. exd5 Nxd5 16. Re1 c6 17. bxc6 bxc6 18. d4 Be6 19. Rc1 Qc7 20. Bb3 c5 21. Ne4 Rfd8 22. dxc5 Bxc5 23. Nd4 Bxd4 24. cxd4 Qe7 25. Nc5 Rab8 26. Qf3 Qd6 27. h3 Rb4 28. Rxe6 fxe6 29. Re1 Qb8 30. Rxe6 Rxb3 31. Nxb3 Qb4 32. Kh2 Qc3 33. Qd1 Qb2 34. Re2 Qa3 35. Nxa5 f3 36. Re5 fxg2 37. Nc6 Rd6 38. Re8+ Kh7 39. Ne5 Nf4 40. Qc2+ Rg6 41. Rh8+ Kxh8 42. Nxg6+ Nxg6 43. Qxg6 g1Q+ 44. Kxg1 Qa1+ 45. Kg2 Qxd4 46. Qc6 Qe5 47. h4 h5 48. Qa8+ Kh7 49. Qf3 g6 50. Qb7+ Kg8 51. Qa8+ Kg7 52. a5 Qd4 53. Qb7+ Kh8 54. Qf3 Qxh4 55. a6 Qg5+ 56. Kh3 Qc5 57. Qf6+ Kh7 58. Qf7+ Kh8 59. a7 Qc8+ 60. Kh2 1-0

[Event "IECG CA.2003.0.00084 email"]
[Site "IECG email"]
[Date "2003.02.04"]
[Round "?"]
[White "Spiridonov, Nick"]
[Black "Borelli, Carlo"]
[Result "1/2-1/2"]
[WhiteElo "2117"]
[BlackElo "2172"]
[PlyCount "114"]
[EventDate "2003.02.04"]
[EventType "tourn (corr)"]
[EventRounds "6"]
[SourceTitle "Corr 2008"]
[Source "ChessBase"]
[SourceDate "2008.06.24"]
[SourceVersion "1"]
[SourceVersionDate "2008.06.24"]
[SourceQuality "1"]

1. e4 c5 2. Nf3 d6 3. d4 cxd4 4. Nxd4 Nf6 5. Nc3 g6 6. Be3 Bg7 7. f3 Nc6 8. Qd2 0-0 9. 0-0-0 Nxd4 10. Bxd4 Be6 11. Kb1 Qc7 12. h4 Rfc8 13. Nb5 Qc6 14. g4 a6 15. Nc3 b5 16. Bxf6 Bxf6 17. Nd5 Bxd5 18. exd5 Qb6 19. f4 Ra7 20. g5 Bg7 21. h5 Rc5 22. hxg6 hxg6 23. f5 gxf5 24. Bh3 e6 25. dxe6 fxe6 26. Qe3 Be5 27. Qb3 Rc4 28. Bf1 Rb7 29. Rh3 d5 30. Bxc4 bxc4 31. Qxb6 Rxb6 32. b3 c3 33. Rg1 Bd4 34. Rgg3 Bg7 35. Kc1 d4 36. Kd1 e5 37. g6 e4 38. Rh5 Rf6 39. Rg1 d3 40. a3 Re6 41. Rh4 Bf6 42. Rh2 f4 43. g7 Bxg7 44. cxd3 exd3 45. Rhg2 Re7 46. Rf2 Kh7 47. Rf3 Re3 48. Rxf4 Bh6 49. Rf7+ Kh8 50. Rc7 c2+ 51. Rxc2 dxc2+ 52. Kxc2 Kh7 53. Rg4 Rf3 54. a4 Rf6 55. b4 Bf8 56. a5 Kh6 57. Kb3 Re6 1/2-1/2

[Event "IECG WC.2006.P.00011 email"]
[Site "IECG email"]
[Date "2003.01.22"]
[Round "?"]
[White "Borelli, Carlo"]
[Black "Dutra Neto, Alfredo Carlos S"]
[Result "1-0"]
[WhiteElo "2172"]
[BlackElo "2155"]
[PlyCount "109"]
[EventDate "2003.01.22"]
[EventType "tourn (corr)"]
[EventRounds "10"]
[SourceTitle "Corr 2008"]
[Source "ChessBase"]
[SourceDate "2008.06.24"]
[SourceVersion "1"]
[SourceVersionDate "2008.06.24"]
[SourceQuality "1"]

1. e4 e6 2. d4 d5 3. e5 c5 4. c3 Nc6 5. Nf3 Bd7 6. Be2 Nge7 7. 0-0 Ng6 8. Bg5 Be7 9. Bxe7 Qxe7 10. Bd3 f6 11. Qd2 fxe5 12. Bxg6+ hxg6 13. Nxe5 Nxe5 14. dxe5 Qh4 15. h3 g5 16. Qe2 0-0-0 17. Na3 Qf4 18. Rad1 g4 19. Qxg4 Qxe5 20. Rfe1 Qf6 21. Rd3 Rh4 22. Qg3 Rf4 23. Nc2 Rf8 24. Rd2 Qh6 25. Ne3 b6 26. b3 Be8 27. a4 a5 28. Ra2 Bh5 29. Nf1 Qf6 30. b4 axb4 31. cxb4 cxb4 32. Rb1 Rf7 33. a5 bxa5 34. Qe3 Rc7 35. Rxa5 Bg6 36. Rd1 Kd7 37. Qb6 Bc2 38. Re1 Re4 39. Rea1 Qd4 40. Qb8 Rf4 41. Ra8 Rxf2 42. Qd8+ Kc6 43. R8a6+ Kb5 44. Qb8+ Kc4 45. Qxc7+ Kb3 46. Kh2 Bd3 47. Qg3 Qf4 48. Nd2+ Kc3 49. Qxf4 Rxf4 50. R6a2 Bc2 51. Rc1 Kxd2 52. Raxc2+ Kd3 53. Rb2 Rc4 54. Rcb1 d4 55. Rxb4 1-0

[Event "IECG WC.2006.P.00011 email"]
[Site "IECG email"]
[Date "2003.01.22"]
[Round "?"]
[White "Cacheiro Martinez, Martin"]
[Black "Borelli, Carlo"]
[Result "0-1"]
[WhiteElo "1471"]
[BlackElo "2172"]
[PlyCount "70"]
[EventDate "2003.01.22"]
[EventType "tourn (corr)"]
[EventRounds "10"]
[SourceTitle "Corr 2008"]
[Source "ChessBase"]
[SourceDate "2008.06.24"]
[SourceVersion "1"]
[SourceVersionDate "2008.06.24"]
[SourceQuality "1"]

1. Nf3 d5 2. c4 d4 3. e3 Nc6 4. exd4 Nxd4 5. Nxd4 Qxd4 6. Nc3 e5 7. d3 Ne7 8. Be3 Qd8 9. g4 h5 10. gxh5 Nf5 11. Be2 Nxe3 12. fxe3 c6 13. Kd2 Qb6 14. Rb1 Be6 15. Qg1 0-0-0 16. Kc2 Qa5 17. Rd1 f5 18. Kb1 Bb4 19. Qg6 Rde8 20. Rc1 Bc5 21. Qg3 Qc7 22. Rcf1 Rhf8 23. Rhg1 f4 24. Qxg7 Rf7 25. h6 Rxg7 26. Rxg7 Qd8 27. exf4 exf4 28. Rxf4 Bd4 29. Ne4 Be5 30. Rf2 Qd4 31. Bf1 Bxc4 32. Rg4 Bxa2+ 33. Kxa2 Qa4+ 34. Kb1 Qd1+ 35. Ka2 Qxg4 0-1

[Event "IECG CP.2001.Q.00002 email"]
[Site "IECG email"]
[Date "2002.10.01"]
[Round "?"]
[White "Borelli, Carlo"]
[Black "Cervinka, Rudolf"]
[Result "1-0"]
[WhiteElo "2160"]
[BlackElo "1696"]
[PlyCount "63"]
[EventDate "2002.10.01"]
[EventType "tourn (corr)"]
[EventRounds "6"]
[EventCountry "USA"]
[SourceTitle "Corr 2008"]
[Source "ChessBase"]
[SourceDate "2008.06.24"]
[SourceVersion "1"]
[SourceVersionDate "2008.06.24"]
[SourceQuality "1"]

1. e4 c6 2. d4 d5 3. Nc3 dxe4 4. Nxe4 Bf5 5. Ng3 Bg6 6. h4 h6 7. Nf3 Nd7 8. h5 Bh7 9. Bd3 Bxd3 10. Qxd3 e6 11. Bf4 Ngf6 12. 0-0-0 Qa5 13. Kb1 0-0-0 14. Qe2 Nd5 15. Bd2 Qa4 16. Ne5 Nxe5 17. dxe5 Be7 18. Ne4 Kb8 19. b3 Qa3 20. c4 Nb6 21. Qg4 Rhg8 22. Qf4 Rgf8 23. Bc1 Qb4 24. Rxd8+ Rxd8 25. Bd2 Qa3 26. Bc3 Nxc4 27. bxc4 Rd4 28. Bxd4 Qd3+ 29. Kc1 Qxc4+ 30. Kd2 Qxd4+ 31. Ke2 Bg5 32. Qf3 1-0

[Event "IECG CP.2001.Q.00002 email"]
[Site "IECG email"]
[Date "2002.10.01"]
[Round "?"]
[White "Deidun, Joseph Jr"]
[Black "Borelli, Carlo"]
[Result "1/2-1/2"]
[WhiteElo "1998"]
[BlackElo "2160"]
[PlyCount "76"]
[EventDate "2002.10.01"]
[EventType "tourn (corr)"]
[EventRounds "6"]
[EventCountry "USA"]
[SourceTitle "Corr 2008"]
[Source "ChessBase"]
[SourceDate "2008.06.24"]
[SourceVersion "1"]
[SourceVersionDate "2008.06.24"]
[SourceQuality "1"]

1. d4 d5 2. c4 dxc4 3. Nf3 c6 4. e3 Be6 5. Nc3 b5 6. a4 b4 7. Ne4 Nf6 8. Ng3 Bd5 9. Qc2 b3 10. Qc3 h5 11. Bxc4 h4 12. Ne2 h3 13. Qxb3 hxg2 14. Rg1 Nbd7 15. Bxd5 cxd5 16. Rxg2 Rb8 17. Qc2 e6 18. Bd2 Ne4 19. Rc1 g6 20. Ng3 Nxd2 21. Nxd2 Be7 22. Nf3 Qb6 23. Rb1 Qb7 24. Ne2 Rc8 25. Qd1 Rc4 26. b3 Rb4 27. Nf4 a5 28. Kf1 Bd6 29. Nd3 Rb6 30. Kg1 Be7 31. Nfe5 Nxe5 32. Nxe5 Bd6 33. f4 Kf8 34. Qc2 Rh6 35. Rg3 Kg7 36. h3 Kg8 37. Kh2 Kf8 38. Rg2 Kg7 1/2-1/2

[Event "IECG CP.2001.Q.00002 email"]
[Site "IECG email"]
[Date "2002.10.01"]
[Round "?"]
[White "Halwick, Floyd J Jr"]
[Black "Borelli, Carlo"]
[Result "1-0"]
[WhiteElo "2434"]
[BlackElo "2160"]
[PlyCount "73"]
[EventDate "2002.10.01"]
[EventType "tourn (corr)"]
[EventRounds "6"]
[EventCountry "USA"]
[SourceTitle "Corr 2008"]
[Source "ChessBase"]
[SourceDate "2008.06.24"]
[SourceVersion "1"]
[SourceVersionDate "2008.06.24"]
[SourceQuality "1"]

1. e4 c5 2. Nf3 d6 3. d4 cxd4 4. Nxd4 Nf6 5. Nc3 a6 6. f3 e5 7. Nb3 Be6 8. Be3 Be7 9. Qd2 Nbd7 10. g4 h6 11. 0-0-0 b5 12. Kb1 Nb6 13. Qf2 Nc4 14. Bxc4 bxc4 15. Nc5 Qc7 16. Nxe6 fxe6 17. h4 Nd7 18. g5 h5 19. f4 exf4 20. Qxf4 Rb8 21. Bc1 Ne5 22. Rhf1 Rf8 23. Qe3 Rxf1 24. Rxf1 Ng4 25. Qd4 Bf8 26. Ne2 g6 27. Rxf8+ Kxf8 28. Qh8+ Ke7 29. Qg7+ Kd8 30. Qxg6 Qe7 31. Qxh5 Ne5 32. g6 Kc7 33. Qh6 Qf6 34. h5 Qf2 35. Nc3 Qf6 36. Qe3 Rb7 37. Ne2 1-0

[Event "IECG CM.2002.0.00188 email"]
[Site "IECG email"]
[Date "2002.07.22"]
[Round "?"]
[White "Marcotulli, Giancarlo"]
[Black "Borelli, Carlo"]
[Result "0-1"]
[WhiteElo "2176"]
[BlackElo "2150"]
[PlyCount "50"]
[EventDate "2002.07.22"]
[EventType "tourn (corr)"]
[EventRounds "6"]
[SourceTitle "Corr 2008"]
[Source "ChessBase"]
[SourceDate "2008.06.24"]
[SourceVersion "1"]
[SourceVersionDate "2008.06.24"]
[SourceQuality "1"]

1. e4 c5 2. Nf3 d6 3. c3 Nf6 4. d3 Nc6 5. Be2 e5 6. 0-0 Be7 7. d4 exd4 8. cxd4 cxd4 9. Nxd4 d5 10. Nxc6 bxc6 11. exd5 Nxd5 12. Nc3 Be6 13. Nxd5 Bxd5 14. Bd3 0-0 15. Be3 Re8 16. Qc2 h6 17. Bh7+ Kh8 18. Be4 Bf6 19. Bxd5 cxd5 20. Rad1 d4 21. Qc4 Re4 22. Qxf7 Qe8 23. Qxe8+ Raxe8 24. Bxd4 Rxd4 25. Rxd4 Bxd4 0-1

[Event "IECG CA.2002.0.00040 email"]
[Site "IECG email"]
[Date "2002.03.15"]
[Round "?"]
[White "Borelli, Carlo"]
[Black "Marcotulli, Giancarlo"]
[Result "1/2-1/2"]
[WhiteElo "2109"]
[BlackElo "2057"]
[PlyCount "57"]
[EventDate "2002.05.15"]
[EventType "tourn (corr)"]
[EventRounds "6"]
[SourceTitle "Corr 2008"]
[Source "ChessBase"]
[SourceDate "2008.06.24"]
[SourceVersion "1"]
[SourceVersionDate "2008.06.24"]
[SourceQuality "1"]

1. Nf3 Nf6 2. c4 c5 3. Nc3 e6 4. g3 b6 5. e4 Bb7 6. Qe2 Nc6 7. Bg2 d6 8. 0-0 Be7 9. Rd1 a6 10. d4 cxd4 11. Nxd4 Nxd4 12. Rxd4 Qc7 13. Bg5 0-0 14. Rad1 Rfd8 15. R4d2 Rac8 16. a4 h6 17. Bf4 e5 18. Be3 Qxc4 19. Bxb6 Re8 20. Qxc4 Rxc4 21. f3 Rb4 22. a5 Nd7 23. Bc7 Nc5 24. h4 Ne6 25. Bb6 Nd4 26. Ne2 Nxe2+ 27. Rxe2 Rb3 28. h5 f5 29. Kh2 1/2-1/2

[Event "IECG CA.2002.0.00039"]
[Site "IECG email"]
[Date "2002.02.28"]
[Round "1"]
[White "Borelli, Carlo"]
[Black "Croad, Nicolas"]
[Result "1/2-1/2"]
[WhiteElo "2125"]
[BlackElo "2000"]
[PlyCount "54"]
[EventDate "2002.02.28"]
[EventType "tourn (corr)"]
[EventRounds "6"]
[SourceTitle "Corr 2024"]
[Source "ChessBase"]
[SourceDate "2023.10.19"]
[SourceVersion "1"]
[SourceVersionDate "2023.10.19"]
[SourceQuality "1"]

1. Nf3 Nf6 2. c4 c6 3. Nc3 d5 4. e3 e6 5. d4 Nbd7 6. Bd3 dxc4 7. Bxc4 b5 8. Be2 Bb7 9. 0-0 a6 10. e4 c5 11. e5 Nd5 12. Ne4 Qb6 13. dxc5 Nxc5 14. Nxc5 Bxc5 15. Bd2 0-0 16. Bd3 h6 17. Qe1 a5 18. Qe4 Nf6 19. Qh4 Nh7 20. Be4 Bxe4 21. Qxe4 Rfd8 22. Qg4 Kh8 23. Qf4 Rd7 24. Rac1 Rad8 25. b4 axb4 26. Bxb4 Bxb4 27. Qxb4 Qa6 1/2-1/2

[Event "IECG CA.2002.0.00039"]
[Site "IECG email"]
[Date "2002.02.28"]
[Round "1"]
[White "Borelli, Carlo"]
[Black "Rama, Cana"]
[Result "1-0"]
[WhiteElo "2125"]
[BlackElo "2147"]
[PlyCount "87"]
[EventDate "2002.02.28"]
[EventType "tourn (corr)"]
[EventRounds "6"]
[SourceTitle "Corr 2024"]
[Source "ChessBase"]
[SourceDate "2023.10.19"]
[SourceVersion "1"]
[SourceVersionDate "2023.10.19"]
[SourceQuality "1"]

1. Nf3 Nf6 2. c4 b6 3. Nc3 Bb7 4. d4 e6 5. a3 d5 6. cxd5 exd5 7. g3 Be7 8. Qa4+ c6 9. Bg2 0-0 10. 0-0 Nbd7 11. Bf4 Re8 12. Rad1 Nh5 13. Bc1 a5 14. g4 Nhf6 15. g5 Nh5 16. Qc2 Bd6 17. e4 dxe4 18. Nxe4 Qc7 19. Nxd6 Qxd6 20. Qf5 g6 21. Qc2 Nf4 22. Bxf4 Qxf4 23. Qd2 Qf5 24. h3 f6 25. Rfe1 a4 26. Rxe8+ Rxe8 27. Re1 Kf8 28. Rxe8+ Kxe8 29. gxf6 Nxf6 30. Ne5 Nd5 31. Qh6 Nf4 32. Bf1 c5 33. Qxh7 Bd5 34. Ng4 cxd4 35. Qh8+ Kd7 36. Qxd4 Kc7 37. Ne3 Qg5+ 38. Kh2 Bc6 39. Nc4 Nd5 40. Ne5 Ne7 41. f4 Qh4 42. Nxc6 Nxc6 43. Qxa4 g5 44. Bg2 1-0

[Event "IECG CA.2002.0.00039"]
[Site "IECG email"]
[Date "2002.02.28"]
[Round "1"]
[White "Marcotulli, Giancarlo"]
[Black "Borelli, Carlo"]
[Result "1/2-1/2"]
[WhiteElo "2066"]
[BlackElo "2125"]
[PlyCount "68"]
[EventDate "2002.02.28"]
[EventType "tourn (corr)"]
[EventRounds "6"]
[SourceTitle "Corr 2024"]
[Source "ChessBase"]
[SourceDate "2023.10.19"]
[SourceVersion "1"]
[SourceVersionDate "2023.10.19"]
[SourceQuality "1"]

1. e4 c6 2. d4 d5 3. exd5 cxd5 4. Nf3 Nc6 5. c3 Nf6 6. Bf4 Nh5 7. Be3 e6 8. Ne5 Nf6 9. Bd3 Bd6 10. f4 Qb6 11. Qb3 Qxb3 12. axb3 Ne7 13. Na3 a6 14. 0-0 Rb8 15. Rfe1 b5 16. Nb1 Ne4 17. Bc1 f6 18. Nf3 Ng6 19. g3 f5 20. c4 h5 21. Nc3 Bb4 22. Re3 bxc4 23. bxc4 h4 24. cxd5 Bxc3 25. bxc3 exd5 26. c4 hxg3 27. hxg3 dxc4 28. Bxc4 Ne7 29. g4 Rh3 30. gxf5 Rg3+ 31. Kh2 Bxf5 32. Rxe4 Rxf3 33. Re1 Rc8 34. Kg2 Bg4 1/2-1/2

[Event "IECG CB.2001.0.00015 email"]
[Site "IECG email"]
[Date "2001.09.16"]
[Round "?"]
[White "Draba, Henryk"]
[Black "Borelli, Carlo"]
[Result "1/2-1/2"]
[WhiteElo "1990"]
[BlackElo "1823"]
[PlyCount "103"]
[EventDate "2001.09.16"]
[EventType "tourn (corr)"]
[EventRounds "6"]
[SourceTitle "Corr 2008"]
[Source "ChessBase"]
[SourceDate "2008.06.24"]
[SourceVersion "1"]
[SourceVersionDate "2008.06.24"]
[SourceQuality "1"]

1. e4 c5 2. Nf3 d6 3. d4 cxd4 4. Nxd4 Nf6 5. Nc3 a6 6. Be2 Qc7 7. f4 e5 8. Nf5 Bxf5 9. exf5 Nc6 10. 0-0 0-0-0 11. a3 d5 12. fxe5 Nxe5 13. Kh1 d4 14. Nb1 Bd6 15. Bg5 h5 16. Qxd4 Neg4 17. Qc4 Nxh2 18. Qxc7+ Bxc7 19. Re1 Bg3 20. Rc1 Nhg4 21. Nc3 Rd7 22. Bxf6 Nxf6 23. Rd1 Rc7 24. Rd3 h4 25. Rad1 Re8 26. Bf3 Rce7 27. Rf1 Re5 28. Nd5 Rxf5 29. Kg1 Re6 30. Nxf6 Rfxf6 31. Rfd1 Re8 32. Bg4+ Kb8 33. Rd8+ Rxd8 34. Rxd8+ Kc7 35. Rd7+ Kc6 36. Re7 b5 37. Bf3+ Kc5 38. Rd7 Rf5 39. Be4 Re5 40. b4+ Kc4 41. Bd3+ Kc3 42. Rxf7 Re3 43. Rf3 Rxf3 44. gxf3 g5 45. Kg2 Bf4 46. Bf5 Bc1 47. Bc8 Bxa3 48. Bxa6 Kxb4 49. Kh3 Ka5 50. Bc8 Bc1 51. Bf5 b4 52. Be4 1/2-1/2

[Event "IECG CB.2001.0.00008 email"]
[Site "IECG email"]
[Date "2001.07.08"]
[Round "?"]
[White "Borelli, Carlo"]
[Black "Helbig, Andreas"]
[Result "1/2-1/2"]
[WhiteElo "1823"]
[BlackElo "1979"]
[PlyCount "61"]
[EventDate "2001.07.08"]
[EventType "tourn (corr)"]
[EventRounds "6"]
[SourceTitle "Corr 2008"]
[Source "ChessBase"]
[SourceDate "2008.06.24"]
[SourceVersion "1"]
[SourceVersionDate "2008.06.24"]
[SourceQuality "1"]

1. e4 c6 2. d4 d5 3. Nd2 dxe4 4. Nxe4 Bf5 5. Ng3 g6 6. Nxf5 gxf5 7. Nf3 e6 8. Bd3 Nd7 9. c3 Bd6 10. Qe2 Ne7 11. Bd2 Rg8 12. Bg5 Qc7 13. g3 0-0-0 14. 0-0-0 Rde8 15. Rhe1 Nd5 16. Kb1 Qb6 17. Qd2 Kb8 18. Bh4 Rc8 19. Ka1 Qa5 20. Qe2 h6 21. c4 Nb4 22. Bb1 Na6 23. a3 Nf8 24. Bd3 Ng6 25. Bf6 Nc7 26. Qd2 Qxd2 27. Rxd2 Be7 28. Ne5 Bxf6 29. Nd7+ Ka8 30. Nxf6 Rgd8 31. Bc2 1/2-1/2